New economic patterns in Czechoslivakia: impact of growth, planning, and the market (Record no. 343934)

000 -LEADER
fixed length control field 00408cam a22001217a 4500
008 - FIXED-LENGTH DATA ELEMENTS--GENERAL INFORMATION
fixed length control field 180718b1960 xxu||||| |||| 00| 0 eng d
082 ## - DEWEY DECIMAL CLASSIFICATION NUMBER
Classification number T19x437 F329
100 ## - MAIN ENTRY--PERSONAL NAME
Personal name Feiwel, George R.
245 ## - TITLE STATEMENT
Title New economic patterns in Czechoslivakia: impact of growth, planning, and the market
Statement of responsibility, etc. by George R. Feiwel
260 ## - PUBLICATION, DISTRIBUTION, ETC.
Place of publication, distribution, etc. New York
Name of publisher, distributor, etc. Praeger
Date of publication, distribution, etc. 1960
300 ## - PHYSICAL DESCRIPTION
Extent 589p.
650 ## - SUBJECT ADDED ENTRY--TOPICAL TERM
Topical term or geographic name entry element Czechoslovakia - Economic Conditions
Holdings
Withdrawn status Lost status Damaged status Not for loan Permanent Location Current Location Date acquired Full call number Barcode Date last seen Price effective from Koha item type
        Indian Institute of Public Administration Indian Institute of Public Administration 1993-10-01 T19x437 F329 46618 2018-07-21 2018-07-21 Book

Powered by Koha